[Event "27th Czech Open A 2016"]
[Site "Pardubice CZE"]
[Date "2016.07.22"]
[Round "1.46"]
[White "Commercon, Simon"]
[Black "Gusain, Himal"]
[Result "1/2-1/2"]
[WhiteElo "2221"]
[BlackElo "2453"]
[WhiteFideId "24620998"]
[BlackFideId "5033861"]
[EventDate "2016.07.22"]

1. d4 Nf6 2. c4 c5 3. d5 e6 4. Nc3 exd5 5. cxd5 d6 6. e4 g6 7. Bd3 Bg7 8. h3 O-O
9. Nf3 a6 10. O-O b5 11. Bf4 Nh5 12. Bh2 Qe7 13. Nd2 Nd7 14. f4 c4 15. Be2 b4
16. Na4 c3 17. bxc3 bxc3 18. Nc4 Qxe4 19. Nxd6 Qe3+ 20. Kh1 c2 21. Qxc2 Bxa1 22.
Bxh5 Bg7 23. Bf3 Nf6 24. Nc4 Qe8 25. Nab6 Bf5 26. Qf2 Rd8 27. Re1 Qb5 28. a4 Qb4
29. g4 Bd7 30. g5 Ne8 31. Ne5 Bxa4 32. Re4 Qb1+ 33. Re1 Qc2 34. Re2 Qb3 35. Nxa4
Qxa4 36. Nc6 Rd7 37. Ne5 Rxd5 38. Bxd5 Qd1+ 39. Kg2 Qxd5+ 40. Qf3 Qxf3+ 41. Kxf3
Nd6 42. Ra2 Ra8 43. Nc6 Bc3 44. Bg1 Nf5 45. Ra3 Be1 46. Ra1 Re8 47. Ne5 Bc3 48.
Rxa6 Bxe5 49. fxe5 Rxe5 50. Ra8+ Kg7 51. Bf2 Rb5 52. Ra4 h6 53. h4 Rb3+ 54. Kg2
Rd3 55. Rb4 Rc3 56. Ra4 hxg5 57. hxg5 Kf8 58. Re4 Rc6 59. Bd4 Nxd4 60. Rxd4 Rc5
61. Rg4 Ke7 62. Kg3 Ke6 63. Kh4 Ke5 64. Rg1 Rc4+ 65. Kg3 Rf4 66. Ra1 Rf5 67.
Re1+ Kd6 68. Kg4 Rd5 69. Rf1 Ke6 70. Rf6+ Ke7 71. Rf1 Rd4+ 72. Kg3 Re4 73. Rf2
Re1 74. Kg4 Rg1+ 75. Kf4 Rd1 76. Kg4 Rd6 77. Rf1 Rd3 78. Re1+ Kd6 79. Rf1 Ke6
80. Rf6+ Ke7 1/2-1/2

[Event "27th Czech Open A 2016"]
[Site "Pardubice CZE"]
[Date "2016.07.22"]
[Round "1.47"]
[White "Hirneise, Tobias"]
[Black "Dobes, Vojtech"]
[Result "1-0"]
[WhiteTitle "IM"]
[WhiteElo "2452"]
[BlackElo "2220"]
[WhiteFideId "24600881"]
[BlackFideId "333913"]
[EventDate "2016.07.22"]

1. d4 Nf6 2. c4 e6 3. Nf3 b6 4. g3 Ba6 5. b3 Bb4+ 6. Bd2 Be7 7. Bg2 c6 8. Bc3 d5
9. Ne5 Nbd7 10. Nxd7 Nxd7 11. Nd2 O-O 12. O-O Rc8 13. e4 c5 14. exd5 exd5 15.
Bxd5 Nf6 16. Bg2 cxd4 17. Bb2 b5 18. Rc1 bxc4 19. Nxc4 Bxc4 20. Rxc4 Rxc4 21.
bxc4 Bc5 22. Qd3 Qb6 23. Ba1 Rd8 24. Re1 h6 25. Bf3 Qa6 26. Re2 Qd6 27. Bb2 Re8
28. Rxe8+ Nxe8 29. Bd5 Qb6 30. Bc1 Nf6 31. Bf3 Qa5 32. Qd2 Qa4 33. Qe2 Qb4 34.
Kg2 Qc3 35. Qe5 Qxc4 36. Bxh6 gxh6 37. Qxf6 Qe6 38. Qf4 Kg7 39. Be4 Bb6 40. a4
Qf6 41. Qg4+ Qg5 42. Qd7 Qe5 43. Bd3 Qe6 44. Qb5 Bd8 45. h4 Bf6 46. Qb7 a5 47.
Kf1 Qh3+ 48. Ke2 Qe6+ 49. Kf1 Qh3+ 50. Kg1 Qe6 51. Qc7 Qe5 52. Qd7 Qe6 53. Qb7
Qe7 54. Qb6 Qe5 55. Qb3 Qe1+ 56. Kg2 Qc3 57. Qb5 Qb4 58. Qxb4 axb4 59. Kf3 Kf8
60. Ke4 Ke7 61. Bc4 d3 62. Kxd3 Be5 63. Ke4 Bc7 64. f4 Bb6 65. g4 Bf2 66. a5 Kd6
67. a6 Kc7 68. g5 Bxh4 69. gxh6 Bf6 70. Kf5 Bc3 71. Bxf7 Kb6 72. Bc4 b3 73. Bxb3
Kxa6 74. Kg6 Kb6 75. f5 1-0

[Event "27th Czech Open A 2016"]
[Site "Pardubice CZE"]
[Date "2016.07.22"]
[Round "1.48"]
[White "Krykun, Yuriy"]
[Black "Malakhov, Igor"]
[Result "0-1"]
[WhiteTitle "FM"]
[BlackTitle "IM"]
[WhiteElo "2217"]
[BlackElo "2451"]
[WhiteFideId "14140667"]
[BlackFideId "4183088"]
[EventDate "2016.07.22"]

1. Nf3 c5 2. c4 Nf6 3. Nc3 Nc6 4. g3 g6 5. Bg2 Bg7 6. O-O O-O 7. d4 cxd4 8. Nxd4
Nxd4 9. Qxd4 d6 10. Qd3 a6 11. Be3 Ng4 12. b3 Nxe3 13. Qxe3 Rb8 14. Rad1 Bd7 15.
Nd5 e6 16. Nc3 Bc6 17. Ne4 d5 18. cxd5 exd5 19. Nc5 d4 20. Bxc6 dxe3 21. Rxd8
exf2+ 22. Kxf2 Rfxd8 23. Nxb7 Rd2 24. a4 Rc8 25. Bf3 Bc3 26. Rc1 Bd4+ 27. Ke1
Rxe2+ 28. Bxe2 Rxc1+ 29. Kd2 Rc6 30. Bc4 Kf8 31. Bxf7 Bc3+ 32. Kd3 Bb4 33. Bd5
Rc8 34. Ke4 Ke7 35. Bc4 a5 36. Kd5 Rc7 37. Ba6 Kf6 38. h3 h6 39. Ke4 Rd7 40. h4
h5 41. Kf4 Rc7 42. g4 Rd7 43. gxh5 gxh5 44. Ke4 Re7+ 45. Kf4 Rg7 46. Nd8 Rg4+
47. Kf3 Rxh4 48. Bc4 Rg4 49. Nc6 Bc3 50. Na7 Rg7 51. Nb5 Be5 52. Ke4 h4 53. Kd5
h3 54. Kc6 h2 55. Bd5 Bf4 56. Kb6 Bd2 57. Na3 Rg3 58. Nc4 Rxb3+ 59. Ka6 Be1 60.
Nxa5 Bxa5 61. Kxa5 Ke5 62. Ba8 Kd6 63. Ka6 Kc7 64. a5 Rb1 65. Ka7 h1=Q 66. Bxh1
Rxh1 0-1

[Event "27th Czech Open A 2016"]
[Site "Pardubice CZE"]
[Date "2016.07.22"]
[Round "1.49"]
[White "Vykouk, Jan"]
[Black "Boehning, Kilian"]
[Result "1-0"]
[WhiteTitle "FM"]
[WhiteElo "2450"]
[BlackElo "2216"]
[WhiteFideId "349658"]
[BlackFideId "1270499"]
[EventDate "2016.07.22"]

1. e4 e5 2. Nf3 Nc6 3. Bc4 Be7 4. d4 d6 5. d5 Nb8 6. Bd3 Nf6 7. O-O O-O 8. c4
Nbd7 9. Nc3 Re8 10. Rb1 Nf8 11. h4 Ng6 12. Qc2 Nh5 13. Be3 Ngf4 14. c5 Nxd3 15.
Qxd3 g6 16. Nd2 a6 17. Rfc1 f5 18. f3 Bd7 19. Nc4 Rf8 20. Na5 fxe4 21. Nxe4 Bb5
22. Qd1 Rb8 23. c6 b6 24. Nb7 Rxb7 25. cxb7 Qb8 26. Qc2 Bd8 27. Nxd6 Bd7 28. Ne4
Qxb7 29. d6 cxd6 30. Nxd6 Qb8 31. Qc4+ Kg7 32. Qd5 1-0

[Event "27th Czech Open A 2016"]
[Site "Pardubice CZE"]
[Date "2016.07.22"]
[Round "1.50"]
[White "Mueer, Sebastian"]
[Black "Zanan, Evgeny"]
[Result "0-1"]
[BlackTitle "FM"]
[WhiteElo "2216"]
[BlackElo "2450"]
[WhiteFideId "24622001"]
[BlackFideId "24101940"]
[EventDate "2016.07.22"]

1. c4 e5 2. g3 Nf6 3. Bg2 d5 4. cxd5 Nxd5 5. Nc3 Nb6 6. e3 Nc6 7. Nge2 Bf5 8.
O-O Qd3 9. f4 e4 10. g4 Bxg4 11. Bxe4 Qd7 12. Qe1 Bh3 13. Rf3 Bg4 14. Rf2 f5 15.
Bb1 Be7 16. Qf1 Bh4 17. Ng3 Bxg3 18. hxg3 O-O-O 19. a4 Nd5 20. a5 a6 21. Na4 Qe7
22. b3 h5 23. Ba3 Qf6 24. Bb2 Qg6 25. Rh2 h4 26. Qf2 hxg3 27. Qxg3 Rxh2 28. Kxh2
Rh8+ 29. Kg1 Nf6 30. Nc5 Rh3 31. Qg2 Nh5 32. Kf2 Qd6 33. Nd3 Nb4 34. Bd4 Nxd3+
35. Bxd3 Nxf4 0-1

[Event "27th Czech Open A 2016"]
[Site "Pardubice CZE"]
[Date "2016.07.22"]
[Round "1.51"]
[White "Neuman, Petr"]
[Black "Difronzo, Andrea"]
[Result "1/2-1/2"]
[WhiteTitle "GM"]
[WhiteElo "2446"]
[BlackElo "2215"]
[WhiteFideId "305243"]
[BlackFideId "874566"]
[EventDate "2016.07.22"]

1. e4 e6 2. d4 d5 3. Nd2 Nc6 4. Ngf3 Nf6 5. e5 Nd7 6. Be2 f6 7. exf6 Qxf6 8. Nf1
Bd6 9. Ne3 O-O 10. O-O Qf7 11. c4 dxc4 12. Nxc4 Bf4 13. g3 Bxc1 14. Qxc1 Qf6 15.
Qe3 Nb6 16. Nxb6 axb6 17. a3 Ra5 18. Rad1 Kh8 19. Rd3 e5 20. d5 e4 21. Qxe4 Bf5
22. Qe3 Bxd3 23. Qxd3 Ne7 24. d6 Qxd6 25. Qxd6 cxd6 26. Rd1 Rd5 27. Rc1 Rc5 28.
Re1 Ng6 29. Nd4 Re8 30. Rd1 Ne5 31. Nb5 Rc2 32. Nxd6 Rd8 33. Kf1 Rc6 34. Nxb7
Rxd1+ 35. Bxd1 Rc7 36. f4 Nc4 37. Be2 Nxb2 38. Nd6 Rc3 39. Nb5 Rc1+ 40. Kf2 Nd1+
41. Kg2 Nc3 42. Nxc3 Rxc3 43. a4 Ra3 44. Bb5 g6 45. h4 Kg7 46. Kh3 Kf6 47. Kg4
Rb3 48. Bc4 Rc3 49. Bb5 Ke7 50. Kh3 Kd6 51. Kg4 Kc5 52. Be8 Re3 53. Bd7 Kd6 54.
Bb5 h6 55. Kh3 Kd5 56. Kg2 Ke6 1/2-1/2

[Event "27th Czech Open A 2016"]
[Site "Pardubice CZE"]
[Date "2016.07.22"]
[Round "1.52"]
[White "Furman, Boris"]
[Black "Venkatesh, M.R."]
[Result "0-1"]
[WhiteTitle "FM"]
[BlackTitle "GM"]
[WhiteElo "2213"]
[BlackElo "2445"]
[WhiteFideId "4107187"]
[BlackFideId "5005779"]
[EventDate "2016.07.22"]

1. d4 Nf6 2. c4 g6 3. Nc3 Bg7 4. Nf3 O-O 5. Bg5 c5 6. d5 d6 7. e3 e6 8. Be2 h6
9. Bh4 exd5 10. cxd5 Nbd7 11. O-O Qe7 12. Nd2 g5 13. Bg3 Ne8 14. Kh1 f5 15. f4
g4 16. e4 h5 17. Bd3 Bd4 18. Re1 Qd8 19. exf5 Ng7 20. Re6 Nf6 21. Bh4 a6 22. a4
Qc7 23. Qe2 Bxc3 24. bxc3 Nxd5 25. Bc4 Bxe6 26. fxe6 Nxf4 27. e7+ d5 28. exf8=Q+
Rxf8 29. Bxd5+ Nxd5 30. Qc4 Qc6 31. a5 Nf5 32. Bf2 Rf7 33. Ne4 Nf4 34. Rd1 Nd4
35. Re1 Nc2 36. Rd1 Nd4 37. Re1 Nde6 38. Rd1 Ng5 39. Rd8+ Kg7 40. Qxc5 Nxe4 41.
Bd4+ Nf6 42. Qg5+ Ng6 43. Qf5 Qxg2+ 0-1

[Event "27th Czech Open A 2016"]
[Site "Pardubice CZE"]
[Date "2016.07.22"]
[Round "1.53"]
[White "Nguyen, Thai Dai Van"]
[Black "Poulopoulos, Ioannis"]
[Result "1/2-1/2"]
[WhiteTitle "FM"]
[WhiteElo "2445"]
[BlackElo "2212"]
[WhiteFideId "358878"]
[BlackFideId "4218078"]
[EventDate "2016.07.22"]

1. e4 c5 2. Nf3 d6 3. d4 cxd4 4. Nxd4 Nf6 5. Nc3 a6 6. h3 e6 7. g4 Be7 8. g5
Nfd7 9. Be3 b5 10. a3 Bb7 11. Qd2 Nc5 12. Bg2 Nbd7 13. O-O Nb6 14. b3 O-O 15. f4
d5 16. e5 g6 17. h4 Ne4 18. Nxe4 dxe4 19. h5 Bc5 20. Rad1 Qc7 21. Qf2 Nd5 22.
Rd2 Nxe3 23. Qxe3 Rfd8 24. Rfd1 Bxd4 25. Rxd4 Rxd4 26. Qxd4 gxh5 27. Bxe4 Bxe4
28. Qxe4 Rd8 29. Rxd8+ 1/2-1/2

[Event "27th Czech Open A 2016"]
[Site "Pardubice CZE"]
[Date "2016.07.22"]
[Round "1.54"]
[White "Wehner, Janis"]
[Black "Ladva, Ottomar"]
[Result "0-1"]
[BlackTitle "IM"]
[WhiteElo "2210"]
[BlackElo "2443"]
[WhiteFideId "4693299"]
[BlackFideId "4500024"]
[EventDate "2016.07.22"]

1. e4 c5 2. Nf3 e6 3. d4 cxd4 4. Nxd4 Nc6 5. Nxc6 bxc6 6. Bd3 d5 7. O-O Nf6 8.
Qe2 Be7 9. c4 O-O 10. Nc3 Bb7 11. Bg5 d4 12. Nb1 e5 13. f4 Nd7 14. Bxe7 Qxe7 15.
f5 a5 16. Nd2 Rfb8 17. a4 Ba6 18. b3 f6 19. Bc2 Nc5 20. Qf2 Rb4 21. g4 Rab8 22.
h4 Kf8 23. Kh2 h6 24. Rg1 Ke8 25. Rg3 Kd7 26. Rag1 Kc7 27. R1g2 Rh8 28. Kg1 Rbb8
29. Qe1 Kb6 30. Qc1 Qd6 31. Qe1 Rh7 32. Qf2 Ka7 33. Qe1 Qc7 34. Qf2 Qb6 35. Kh2
Rhh8 36. Rg1 Rhd8 37. Kh1 Rd7 38. Rh3 Qb4 39. Qe2 Qa3 40. Qe1 Ka8 41. Rg2 Qb4
42. Qf2 Qa3 43. Qe1 Rb4 44. Rg1 Qb2 45. Qc1 Qxc1 46. Rxc1 d3 47. Bd1 Nxa4 48.
Ra1 Nc3 49. Rxa5 Nxd1 50. Rxa6+ Kb7 51. Ra1 Nc3 52. Kg2 Rb6 53. Kf2 Ra6 54. Rhh1
Na2 55. Rhb1 Nb4 56. Rxa6 Kxa6 57. Nf3 Nc2 58. b4 Rb7 59. Ne1 Rxb4 60. Rc1 d2 0-1

[Event "27th Czech Open A 2016"]
[Site "Pardubice CZE"]
[Date "2016.07.22"]
[Round "1.55"]
[White "Shevchenko, Kirill"]
[Black "Varitski, Igor"]
[Result "1/2-1/2"]
[WhiteTitle "FM"]
[BlackTitle "IM"]
[WhiteElo "2443"]
[BlackElo "2208"]
[WhiteFideId "14129574"]
[BlackFideId "14102862"]
[EventDate "2016.07.22"]

1. e4 c6 2. d4 g6 3. Nc3 d5 4. e5 h5 5. f4 Nh6 6. Nf3 Bg4 7. h3 Bxf3 8. Qxf3 Nf5
9. Be3 Nxe3 10. Qxe3 e6 11. O-O-O h4 12. Bd3 Nd7 13. Ne2 Qa5 14. Kb1 O-O-O 15.
c3 Be7 16. Ng1 Nb6 17. Nf3 Nc4 18. Qe2 b5 19. Ng5 Bxg5 20. fxg5 Rd7 21. Rhf1 Rh5
22. Bxc4 bxc4 23. Qe3 Rb7 24. Rd2 Qb6 25. Rf6 Rd7 26. Rdf2 Qc7 27. Kc2 Kb8 28.
Kd1 Ka8 29. Ke1 Rh7 30. Kd1 Qa5 31. a3 Qa4+ 32. Kc1 Qb3 33. Qd2 Rb7 34. R6f4 Qa2
35. Qc2 Rh5 36. Rg4 Rh8 37. Qb1 Qb3 38. Qc2 Qa2 39. Qb1 Qb3 40. Qa1 Rh5 41. Rff4
a5 42. Rxh4 Rxg5 43. g4 c5 44. Rh8+ Rb8 45. Rxb8+ Qxb8 46. a4 Qh8 47. Qa3 Qxh3
48. Qxc5 Qe3+ 49. Kb1 1/2-1/2

[Event "27th Czech Open A 2016"]
[Site "Pardubice CZE"]
[Date "2016.07.22"]
[Round "1.56"]
[White "Jakubowska, Anna"]
[Black "Bryzgalin, Kirill"]
[Result "1/2-1/2"]
[WhiteTitle "WIM"]
[BlackTitle "GM"]
[WhiteElo "2208"]
[BlackElo "2442"]
[WhiteFideId "1121952"]
[BlackFideId "4133285"]
[EventDate "2016.07.22"]

1. e4 c5 2. Nc3 e6 3. g3 a6 4. Bg2 b5 5. e5 Ra7 6. Nge2 Bb7 7. Bxb7 Rxb7 8. d4
Nc6 9. dxc5 Nxe5 10. f4 Nc6 11. Ne4 Nf6 12. N2c3 Nxe4 13. Nxe4 f5 14. Nd6+ Bxd6
15. Qxd6 Qc7 16. Qxc7 Rxc7 17. Be3 Nb4 18. Kd2 Nd5 19. Bd4 Rg8 20. c3 g5 21.
fxg5 Rxg5 22. b4 Rg4 23. Be5 Rc6 24. a4 bxa4 25. h3 Re4 26. Rhe1 Rxe1 27. Kxe1
d6 28. Bxd6 Nxc3 29. Be5 Ne4 30. Rxa4 Ng5 31. Ke2 Nf7 32. b5 axb5 33. Ra8+ Ke7
34. Ra7+ Ke8 35. Ra8+ 1/2-1/2

[Event "27th Czech Open A 2016"]
[Site "Pardubice CZE"]
[Date "2016.07.22"]
[Round "1.57"]
[White "Kozionov, Kirill"]
[Black "Okun, Evgeny"]
[Result "1-0"]
[WhiteTitle "IM"]
[WhiteElo "2440"]
[BlackElo "2207"]
[WhiteFideId "24101729"]
[BlackFideId "24131806"]
[EventDate "2016.07.22"]

1. b3 e5 2. Bb2 d6 3. e3 Nf6 4. Ne2 g6 5. d4 Nbd7 6. Nbc3 Bg7 7. Qd2 O-O 8.
O-O-O Ng4 9. Qe1 exd4 10. Nxd4 Nc5 11. Kb1 a5 12. a4 c6 13. f3 Nf6 14. e4 Re8
15. Qd2 Qb6 16. h4 Bd7 17. g4 Rad8 18. h5 Ne6 19. hxg6 hxg6 20. Nce2 Nf8 21. Ng3
Be6 22. Qh2 d5 23. e5 N6h7 24. Ndf5 Bxf5 25. gxf5 Bxe5 26. Bxe5 Rxe5 27. Bd3 Qc7
28. Rde1 Ree8 29. Qh6 Qxg3 1-0

[Event "27th Czech Open A 2016"]
[Site "Pardubice CZE"]
[Date "2016.07.22"]
[Round "1.58"]
[White "Urban, Lars"]
[Black "Nagy, Gabor1"]
[Result "1/2-1/2"]
[BlackTitle "IM"]
[WhiteElo "2205"]
[BlackElo "2439"]
[WhiteFideId "4644034"]
[BlackFideId "737119"]
[EventDate "2016.07.22"]

1. d4 Nf6 2. c4 c5 3. d5 b5 4. Qc2 e6 5. e4 bxc4 6. Bxc4 exd5 7. exd5 Bd6 8.
Qe2+ Qe7 9. Qxe7+ Bxe7 10. Nc3 Ba6 11. Bxa6 Nxa6 12. Bf4 Nb4 13. O-O-O c4 14. d6
Bd8 15. Nf3 Nd3+ 16. Rxd3 cxd3 17. Re1+ Kf8 18. Ne5 Rc8 19. Kd2 h6 20. b4 Bb6
21. Rf1 Kg8 22. g4 Bd4 23. Kxd3 Bxe5 24. Bxe5 Nxg4 25. Bd4 h5 26. Nd5 Kh7 27.
Ne7 Rb8 28. f3 Nh6 29. Rc1 f6 30. Rc7 Nf7 31. Rxd7 Rhd8 32. Rxa7 Rxd6 33. Nf5
Rd5 34. Ke4 Rxf5 1/2-1/2

[Event "27th Czech Open A 2016"]
[Site "Pardubice CZE"]
[Date "2016.07.22"]
[Round "1.59"]
[White "Lalic, Bogdan"]
[Black "Gergel, Vladimir P"]
[Result "1-0"]
[WhiteTitle "GM"]
[BlackTitle "FM"]
[WhiteElo "2436"]
[BlackElo "2192"]
[WhiteFideId "409081"]
[BlackFideId "14100550"]
[EventDate "2016.07.22"]

1. d4 d5 2. c4 e6 3. Nc3 Nf6 4. cxd5 exd5 5. Bg5 Nbd7 6. e3 c6 7. Bd3 Be7 8. Qc2
Nh5 9. Bxe7 Qxe7 10. O-O-O Ndf6 11. h3 g6 12. Nf3 Ng7 13. g4 Be6 14. Kb1 h5 15.
Ne5 Nd7 16. f4 Nxe5 17. dxe5 Bd7 18. Qf2 O-O-O 19. e4 d4 20. Qxd4 Kb8 21. e6
Nxe6 22. Qe5+ Ka8 23. f5 f6 24. Qg3 Nc5 25. Bc2 hxg4 26. hxg4 Rxh1 27. Rxh1 g5
28. Re1 Re8 29. b4 Na6 30. a3 Nb8 31. e5 fxe5 32. Ne4 a5 33. bxa5 Na6 34. Qd3
Bc8 35. Qd6 Qf7 36. Kb2 Qc4 37. Qd3 Qg8 38. Nf6 1-0

[Event "27th Czech Open A 2016"]
[Site "Pardubice CZE"]
[Date "2016.07.22"]
[Round "1.60"]
[White "Dovzhenko, Viktor"]
[Black "Carlsson, Pontus"]
[Result "0-1"]
[WhiteTitle "IM"]
[BlackTitle "GM"]
[WhiteElo "2191"]
[BlackElo "2435"]
[WhiteFideId "14105985"]
[BlackFideId "1705814"]
[EventDate "2016.07.22"]

1. e4 c5 2. Nf3 d6 3. d4 cxd4 4. Nxd4 Nf6 5. Nc3 g6 6. Be2 Bg7 7. O-O O-O 8. Bg5
Nc6 9. Nb3 a6 10. f4 b5 11. a3 Bb7 12. Kh1 Nd7 13. Qe1 h6 14. Bh4 Nb6 15. Rd1
Re8 16. Nc5 Qc7 17. Nxb7 Qxb7 18. Bf2 Nc4 19. Nd5 Nxb2 20. Rb1 Na4 21. c4 e6 22.
cxb5 exd5 23. bxa6 Qc8 24. Rc1 d4 25. Bc4 Nc3 26. a4 Rxe4 27. Qd2 Nb4 28. f5
gxf5 29. Bg3 Qc6 30. Qb2 Nxa6 31. Bxa6 0-1

[Event "27th Czech Open A 2016"]
[Site "Pardubice CZE"]
[Date "2016.07.22"]
[Round "1.61"]
[White "Tomazini, Zan"]
[Black "Richterova, Natasa"]
[Result "1-0"]
[WhiteTitle "IM"]
[BlackTitle "WFM"]
[WhiteElo "2432"]
[BlackElo "2191"]
[WhiteFideId "14608162"]
[BlackFideId "350591"]
[EventDate "2016.07.22"]

1. e4 e5 2. Nf3 Nc6 3. d4 exd4 4. Nxd4 Nf6 5. Nxc6 bxc6 6. e5 Qe7 7. Qe2 Nd5 8.
c4 Ba6 9. Nd2 g6 10. Nf3 Bg7 11. Bg5 Qb4+ 12. Qd2 Qxd2+ 13. Kxd2 Nb6 14. b3 h6
15. Bf4 O-O 16. Re1 Rfe8 17. Bd3 Bb7 18. h4 a5 19. a4 Rad8 20. e6 d6 21. exf7+
Kxf7 22. h5 gxh5 23. Rxh5 c5 24. Bxh6 Bxf3 25. Rf5+ Kg8 26. Rxe8+ Rxe8 27. Bxg7
Kxg7 28. Rxf3 Nc8 29. Rg3+ Kf6 30. Rg6+ Kf7 31. Rh6 Ne7 32. Rh7+ Kf6 33. g4 Kg5
34. f3 c6 35. Bf5 Nxf5 36. Rh5+ Kg6 37. Rxf5 Rb8 38. Kc2 Rh8 39. f4 Rh2+ 40. Kc3
Rh3+ 41. Kb2 Rh2+ 42. Ka3 Rg2 43. Rg5+ Kf6 44. Rg8 Kf7 45. Ra8 Rxg4 46. Rxa5
Rxf4 47. Ra6 d5 48. cxd5 cxd5 49. Ra5 c4 50. Rxd5 cxb3 51. Kxb3 Ke6 52. Rd1 Ke7
53. a5 Rf6 54. Kc4 Rd6 55. Ra1 Rd8 56. a6 Rc8+ 57. Kb5 Rb8+ 58. Kc6 Kd8 59. a7
Rc8+ 60. Kb7 Rc7+ 61. Kb6 1-0

[Event "27th Czech Open A 2016"]
[Site "Pardubice CZE"]
[Date "2016.07.22"]
[Round "1.62"]
[White "Volodin, Viktor"]
[Black "Visakh, N R"]
[Result "0-1"]
[WhiteTitle "IM"]
[BlackTitle "IM"]
[WhiteElo "2190"]
[BlackElo "2431"]
[WhiteFideId "4108701"]
[BlackFideId "25012223"]
[EventDate "2016.07.22"]

1. Nf3 Nf6 2. c4 e6 3. g3 b6 4. Bg2 Bb7 5. d4 Be7 6. Nc3 Ne4 7. Bd2 O-O 8. O-O
d6 9. d5 Nxd2 10. Qxd2 e5 11. e4 Nd7 12. Ne1 Bf6 13. Nd3 g6 14. b4 a5 15. a3 Bg7
16. c5 bxc5 17. bxc5 Ba6 18. c6 Nb6 19. Rfb1 f5 20. Nb5 a4 21. Qb4 Bh6 22. Ra2
Qe7 23. Qc3 Rfb8 24. Rab2 Nc8 25. Qc2 Rb6 26. Rb4 Rab8 27. Nc3 Bxd3 28. Qxd3
fxe4 29. Bxe4 Rxb4 30. Rxb4 Rxb4 31. axb4 Nb6 32. Qc2 Qg5 33. Nxa4 Nxa4 34. Qxa4
Qc1+ 35. Kg2 Qc4 36. Bf3 e4 37. Bd1 e3 38. Qa8+ Kf7 39. Qc8 Qxd5+ 40. Bf3 Qa2
41. Qxc7+ Kg8 42. Qd8+ Bf8 43. Qf6 Qxf2+ 44. Kh3 Qf1+ 45. Kh4 Qc4+ 46. Bg4 e2
47. Qf2 h5 48. Qxe2 Be7+ 49. Kh3 hxg4+ 0-1

[Event "27th Czech Open A 2016"]
[Site "Pardubice CZE"]
[Date "2016.07.22"]
[Round "1.63"]
[White "Grinberg, Eyal"]
[Black "Majer, Jiri"]
[Result "1-0"]
[WhiteTitle "FM"]
[BlackTitle "FM"]
[WhiteElo "2431"]
[BlackElo "2188"]
[WhiteFideId "2806070"]
[BlackFideId "307564"]
[EventDate "2016.07.22"]

1. e4 d6 2. d4 Nf6 3. Bd3 Nbd7 4. Nf3 e5 5. c3 Be7 6. O-O O-O 7. Re1 c6 8. a4
Qc7 9. Nbd2 Re8 10. Nf1 Nf8 11. Ng3 Be6 12. h3 Rad8 13. Qc2 Ng6 14. Nf5 h6 15.
Nxe7+ Qxe7 16. Be3 a6 17. b4 Nh5 18. Bf1 Nhf4 19. dxe5 dxe5 20. Kh2 Qf6 21. Ng1
Bc8 22. Rad1 Rxd1 23. Rxd1 Rd8 24. Bb6 Re8 25. g3 Ne6 26. Qe2 Qe7 27. Nf3 Kh7
28. Nd2 Ng5 29. Nc4 Qf6 30. Nd6 Rg8 31. Nxc8 Rxc8 32. Rd7 Ne6 33. Qg4 c5 34. Qf5 1-0

[Event "27th Czech Open A 2016"]
[Site "Pardubice CZE"]
[Date "2016.07.22"]
[Round "1.64"]
[White "Halfhide, Sebastian"]
[Black "Kanovsky, David"]
[Result "1/2-1/2"]
[BlackTitle "IM"]
[WhiteElo "2188"]
[BlackElo "2430"]
[WhiteFideId "1045946"]
[BlackFideId "316210"]
[EventDate "2016.07.22"]

1. e4 c5 2. Nf3 e6 3. d4 cxd4 4. Nxd4 a6 5. Bd3 Nf6 6. O-O d6 7. a4 b6 8. Nc3
Bb7 9. Qe2 Nbd7 10. Kh1 Be7 11. f4 Nc5 12. Bd2 Rc8 13. Nb3 Nxd3 14. cxd3 O-O 15.
Be3 Nd7 16. Nd2 Re8 17. Rfc1 Bf8 18. Rab1 d5 19. e5 Nxe5 20. fxe5 d4 21. Bg1
dxc3 22. bxc3 b5 23. axb5 axb5 24. c4 Qd7 25. c5 Red8 26. Rc3 Qd5 27. Nf3 Ra8
28. Rxb5 Ra2 29. Rb2 Rda8 30. Rxa2 Rxa2 31. Rc2 Ra1 32. Qe3 Rd1 33. Rc3 Bc6 34.
h3 Qa2 35. Rc1 Rxc1 36. Qxc1 h6 1/2-1/2

[Event "27th Czech Open A 2016"]
[Site "Pardubice CZE"]
[Date "2016.07.22"]
[Round "1.65"]
[White "Vetoshko, Volodymyr"]
[Black "Barrish, Daniel"]
[Result "1-0"]
[WhiteTitle "IM"]
[BlackTitle "FM"]
[WhiteElo "2430"]
[BlackElo "2183"]
[WhiteFideId "14122480"]
[BlackFideId "14304600"]
[EventDate "2016.07.22"]

1. e4 c5 2. Nf3 e6 3. d4 cxd4 4. Nxd4 a6 5. c4 Nf6 6. Nc3 Qc7 7. a3 b6 8. Be3
Bb7 9. f3 d6 10. Be2 Be7 11. O-O O-O 12. Rc1 Nbd7 13. b4 Rac8 14. Qd2 Rfe8 15.
Rfd1 Ne5 16. Na4 Nfd7 17. Bf1 Qb8 18. Nb3 Ba8 19. Qf2 Bd8 20. Nb2 h5 21. Be2 Ng6
22. Nd2 h4 23. f4 h3 24. g3 f5 25. c5 b5 26. Bh5 Ndf8 27. cxd6 Rxc1 28. Rxc1
fxe4 29. d7 Nxd7 30. Bxg6 Rf8 31. Bxe4 Ne5 32. Ba7 Ng4 33. Bxb8 1-0

[Event "27th Czech Open A 2016"]
[Site "Pardubice CZE"]
[Date "2016.07.22"]
[Round "1.66"]
[White "Kratochvil, Karel"]
[Black "Zakhartsov, Vladimir"]
[Result "0-1"]
[BlackTitle "IM"]
[WhiteElo "2182"]
[BlackElo "2429"]
[WhiteFideId "325546"]
[BlackFideId "4145097"]
[EventDate "2016.07.22"]

1. d4 Nf6 2. c4 b6 3. Nc3 Bb7 4. Bg5 e6 5. f3 Be7 6. e4 Nxe4 7. Bxe7 Nxc3 8.
Bxd8 Nxd1 9. Bxc7 Nxb2 10. Bd6 Ba6 11. Rc1 Nc6 12. Ba3 Na4 13. Ne2 Rc8 14. Kf2
f6 15. Ke3 Na5 16. Ng3 Rxc4 17. Bxc4 Nxc4+ 18. Rxc4 Bxc4 19. Ne4 d5 20. Nd6+ Kd7
21. Nxc4 dxc4 22. d5 exd5 23. Kd4 Re8 24. Kxd5 b5 25. g4 a5 26. Bc1 Re5+ 27. Kd4
Kc6 28. h4 Rd5+ 29. Ke3 Nc3 0-1

[Event "27th Czech Open A 2016"]
[Site "Pardubice CZE"]
[Date "2016.07.22"]
[Round "1.67"]
[White "Praggnanandhaa, R"]
[Black "Kulovana, Eva"]
[Result "1-0"]
[WhiteTitle "FM"]
[BlackTitle "WGM"]
[WhiteElo "2429"]
[BlackElo "2181"]
[WhiteFideId "25059530"]
[BlackFideId "318779"]
[EventDate "2016.07.22"]

1. Nf3 d5 2. g3 Nf6 3. Bg2 Bg4 4. d4 Nbd7 5. O-O c6 6. b3 e6 7. Bb2 Bd6 8. c4
O-O 9. Ne5 Bf5 10. Nd2 Qe7 11. Nxd7 Nxd7 12. f3 Ba3 13. Bxa3 Qxa3 14. e4 Bg6 15.
Qc1 Qd6 16. c5 Qc7 17. Qc3 Rad8 18. b4 Rfe8 19. Rae1 f6 20. Nb3 Bf7 21. e5 f5
22. f4 Bh5 23. a4 a6 24. Rf2 Ra8 25. Bf1 h6 26. Rb2 Reb8 27. Ra1 Kh8 28. Rba2
Qd8 29. b5 axb5 30. axb5 Rxa2 31. Rxa2 Ra8 32. Rxa8 Qxa8 33. Qa5 Qb8 34. Qa1 Be8
35. b6 g5 36. Qa7 gxf4 37. Qxb8 Nxb8 38. Na5 fxg3 39. hxg3 Kg7 40. Nxb7 Kf8 41.
Be2 Ke7 42. Kg2 Bg6 43. Kh3 Kd7 44. Kh4 Ke7 45. Bd3 Be8 46. Nd6 Bf7 47. Nxf7
Kxf7 48. Kh5 Kg7 49. g4 fxg4 50. Kxg4 Kf7 51. Kh5 Kg7 52. Bf1 Nd7 53. Ba6 Nb8
54. Bc8 Kh7 55. Bxe6 Kg7 56. Bf5 Na6 57. Bc8 Nb8 58. e6 Kf6 59. Kxh6 1-0